[Event "VAM Hoogeveen op"]
[Site "Hoogeveen NED"]
[Date "1997.10.??"]
[EventDate "1997.10.00"]
[Round "9"]
[Result "0-1"]
[White "Jeroen Bosch"]
[Black "Gert Ligterink"]
[WhiteElo "2405"]
[BlackElo "2450"]
[PlyCount "72"]

1. e4 c5 2. Nf3 e6 3. d4 cxd4 4. Nxd4 Nf6 5. Nc3 d6 6. Bc4 Be7 7. O-O O-O 8.  Be3 a6 9. Bb3 b5 10. a4 b4 11. Na2 Bb7 12. Nxb4 Bxe4 13. c3 a5 14. Nd3 Nbd7 15.  Nb5 d5 16. Bc2 Qb8 17. Bf4 e5 18. Bg3 Bg6 19. Bb3 Rd8 20. Re1 Bxd3 21. Qxd3 Nc5  22. Qd1 Nce4 23. Bh4 Qb6 24. Qe2 Bc5 25. Rf1 g5 26. Bg3 Nxg3 27. hxg3 Ne4 28.  Bxd5 Nxf2 29. Bxf7+ Kxf7 30. Qxe5 Kg6 31. Nd4 Rxd4 32. cxd4 Bxd4 33. Qe7 Bc5  34. Qe2 Rf8 35. Qb5 Qxb5 36. axb5 Nd1+ 0-1